00912nam a2200229 a 4500001001000000003000900010005001700019008004100036040002500077082002000102100003300122245006600155260006800221300002100289590002600310650003800336651006300374910003700437942001400474952017700488999001700665000033168DO-SdBNP20250623124725.0110818s1952 dr r 000 0 spa d aDO-SdBNPbspacBNPHU a320.9729bC822e1 aCorominas, Enrique V.95881210aEn las áreas políticas del Caribe /cEnrique V. Coromina. aBuenos aires, Argentina :bArtes Gráficas Bartolomé,c1952. a257 p. ;c23 cm. aInventariado, 2018/BT 4aArbitramento internacional936121 0aCaribe (Región)xPolítica y gobiernoxHistoria987401 aValidado. Control de calidad MFF 2ddccLBS1 001050718RVaPDbPDcHDd2011-08-18iLF1l0o320.9729 C822ep33168-10r2020-06-25w2020-06-25y1zPerteneció a la biblioteca personal de Martínez Boog.ZNo se presta c32659d32659